indium-mediated allylation strategy for the synthesis of polyols in aqueous media /
Saved in:
| 主要作者: | |
|---|---|
| 格式: | Thesis 圖書 |
| 語言: | English |
| 出版: |
1999.
|
| 標簽: |
添加標簽
沒有標簽, 成為第一個標記此記錄!
|
| LEADER | 00734cam a2200205 a 4500 | ||
|---|---|---|---|
| 001 | u452392 | ||
| 003 | SIRSI | ||
| 008 | 000310s1999 si a v 00 10 eng m | ||
| 035 | |a ACJ-0702 | ||
| 040 | |a UMM | ||
| 090 | |a QD3 |b NUS 1999 Hua | ||
| 100 | 1 | 0 | |a Hua, Zihao. |
| 245 | 1 | 0 | |a indium-mediated allylation strategy for the synthesis of polyols in aqueous media / |c Hua Zihao. |
| 260 | |c 1999. | ||
| 300 | |a viii, 117 leaves : |b ill. ; |c 30 cm. | ||
| 502 | |a Dissertation (M.Sc.) -- National University of Singapore, 1999. | ||
| 504 | |a Bibliography: leaves 40-42. | ||
| 948 | |a 10/03/2000 |b 18/11/2002 | ||
| 596 | |a 1 | ||
| 999 | |a QD3 NUS 1999 HUA |w LC |c 1 |i A509515831 |d 27/1/2010 |e 27/1/2010 |l B_KOM4 |m P01UTAMA |n 1 |r Y |s Y |t TESIS |u 12/11/2002 |o .PUBLIC. BKOM 4 :44479 | ||
